000 01167nam a22001817a 4500
999 _c62511
_d62511
003 Ge_BSU
005 20241122145513.0
008 241122s1999 ge ||||| |||| 00| 0 geo d
041 _ageo
080 _a657 ბ-97
245 _aბუღალტრული აღრიცხვის ანგარიშთა გეგმა :
_bდამტკიც. საქ. პარლამენტთან არს. ბუღალტრ. აღრიცხვის სტანდარტების კომისიის დადგენილებით (N 1.12.08. 1999 წ.) : რეგისტრირებულია საქ. იუსტიციის სამინისტროს მიერ (N 090 008 77 23.08.1999 წ.) /
264 _aთბილისი,
_c1999.
300 _a102 გვ. :
_bცხრ. ;
_c 20 სმ.
653 _aსაბუღალტრო აღრიცხვა.
653 _aბუღალტერია
710 _a საქ. პროფ. ბუღალტერთა და აუდიტორთა ფედერაცია.
_923770
942 _2udc
_cBK